Sarkar's civil court practice and procedure manual / (Record no. 51857)
[ view plain ]
| 000 -LEADER | |
|---|---|
| fixed length control field | 00740nam a22002537a 4500 |
| 001 - CONTROL NUMBER | |
| control field | 51857 |
| 003 - CONTROL NUMBER IDENTIFIER | |
| rucl marc code | BD-RjUL |
| 005 - DATE AND TIME OF LATEST TRANSACTION | |
| control field | 20211209075724.0 |
| 008 - FIXED-LENGTH DATA ELEMENTS--GENERAL INFORMATION | |
| fixed length control field | 160904s1954 ii ||||| |||| 001 0 eng d |
| 035 ## - SYSTEM CONTROL NUMBER | |
| System control number | (BD-RjUL)51977 |
| 040 ## - CATALOGING SOURCE | |
| Original cataloging agency | BD-RjUL |
| Language of cataloging | eng |
| Transcribing agency | BD-RjUL |
| 041 ## - LANGUAGE CODE | |
| Language code of text/sound track or separate title | eng |
| 082 ## - DEWEY DECIMAL CLASSIFICATION NUMBER | |
| Edition number | 23 |
| Classification number | 347.0554 |
| Author mark and year | SAS 1954 |
| 100 1# - MAIN ENTRY--PERSONAL NAME | |
| Personal name | Sarkar, S. C. |
| 9 (RLIN) | 140355 |
| 245 10 - TITLE STATEMENT | |
| Title | Sarkar's civil court practice and procedure manual / |
| Statement of responsibility, etc. | S.C. Sarkar. |
| 250 ## - EDITION STATEMENT | |
| Edition statement | 7th ed. |
| 260 ## - PUBLICATION, DISTRIBUTION, ETC. (IMPRINT) | |
| Place of publication, distribution, etc. | Calcutta : |
| Name of publisher, distributor, etc. | S.C. Sarkar & Sons, |
| Date of publication, distribution, etc. | 1954. |
| 300 ## - PHYSICAL DESCRIPTION | |
| Pagination | xvi, 340 p. ; |
| Size | 23 cm. |
| 500 ## - GENERAL NOTE | |
| General note | Includes index. |
| 650 ## - SUBJECT ADDED ENTRY--TOPICAL TERM | |
| Topical term or geographic name as entry element | Civil procedure |
| Geographic subdivision | India. |
| 9 (RLIN) | 142899 |
| Topical term or geographic name as entry element | Civil procedure |
| Geographic subdivision | Pakistan. |
| 9 (RLIN) | 142262 |
| Topical term or geographic name as entry element | Civil procedure |
| 9 (RLIN) | 155121 |
| 942 ## - ADDED ENTRY ELEMENTS (KOHA) | |
| Source of classification or shelving scheme | Dewey Decimal Classification |
| Koha item type | Books |
| Lost status | Source of classification or shelving scheme | Damaged status | Not for loan | Collection code | Permanent Location | Current Location | Shelving location | Date acquired | Source of acquisition | Cost, normal purchase price | Total Checkouts | Full call number | Date last seen | Copy number | Koha item type |
|---|---|---|---|---|---|---|---|---|---|---|---|---|---|---|---|
| Dewey Decimal Classification | Non-fiction | Central Library, University of Rajshahi | Central Library, University of Rajshahi | 01/03/1955 | U.B.D. | 9.00 | 347.0554 SAS 1954 | 04/09/2016 | C-2 | Books |